000 00676nam a2200205 a 4500
001 000016452
003 DO-SdBNP
005 20250923111812.0
008 100305s1997 dr a 001 0 spa d
040 _aDO-SdBNP
_bspa
_cBNPHU
049 _aBNPD
082 _axxxx
_bM294o
245 0 0 _aManual de orientación académica e institucional :
_bdirección de orientación profesional.
260 _aSanto Domingo :
_bUASD,
_c1997.
300 _a109 p. :
_bil. ;
_c28 cm.
490 0 _aPublicaciones de la Universidad Autónoma de Santo Domingo
_v800
500 _aIncluye bibliografía (p. 109)
710 1 _aUniversidad Autónoma de Santo Domingo
_972951
942 _2ddc
_cLBS1
999 _c15987
_d15987